| 000 | 00785nam a2200217 a 4500 | ||
|---|---|---|---|
| 001 | 2621 | ||
| 003 | CDMR | ||
| 005 | 20131016173602.0 | ||
| 008 | 130130s2004||||||||||||||||||||||||||||d | ||
| 020 | _a8430941592 | ||
| 040 |
_aCDMR _bcat _cCPC LLEIDA |
||
| 245 | 1 | 4 |
_aLos cronistas de la Constitución _b: sus señorías los periodistas _cedición a cargo de Manuel Ángel Menéndez Gijón, Carmen Fernández López-Monís |
| 260 |
_aMadrid _cDL 2004 _bAsociación de la Prensa de Madrid |
||
| 300 | _a446 p. | ||
| 650 | 0 | 4 |
_9458 _aPolítica _vReculls d'escrits |
| 650 | 0 | 4 |
_93703 _aEspanya _xHistòria _y1975-1982, Transició |
| 650 | 0 | 4 |
_94090 _aPremsa i política _zEspanya |
| 700 | 1 |
_91961 _aMenéndez, Manuel Ángel |
|
| 700 | 1 |
_93288 _aFernández López-Monís, Carmen |
|
| 942 |
_cMON _2udc |
||
| 999 |
_c2621 _d2621 |
||